[Event "CAN-ch U20"]
[Site "Mississauga CAN"]
[Date "2017.08.12"]
[Round "6.8"]
[White "Jiang, Brian"]
[Black "Yang, Fan"]
[Result "1/2-1/2"]
[WhiteElo "1827"]
[BlackElo "2103"]
[WhiteFideId "-1"]
[WhiteFideId "-1"]
[PlyCount "136"]
[GameId "2160767908347494"]
[EventDate "2017.08.09"]
[EventType "swiss"]
[EventRounds "7"]
[EventCountry "CAN"]
[SourceTitle "hb 2017"]

1. d4 d5 2. c4 c6 3. Nf3 Nf6 4. Nc3 e6 5. e3 Nbd7 6. Qc2 Bd6 7. Bd3 b6 8. cxd5 exd5 9. Nb5 cxb5 10. O-O Bb7 11. Bxb5 O-O 12. Bd2 a6 13. Bd3 Rc8 14. Qb3 h6 15. Bf5 Re8 16. Bc3 Ne4 17. Rac1 Nxc3 18. bxc3 Rc7 19. a4 Qf6 20. Bd3 Rec8 21. Nd2 Qe6 22. Rfe1 f5 23. e4 Bf4 24. exf5 Qf7 25. Re2 Bxd2 26. Rxd2 Nf6 27. f3 Ne8 28. Re2 Rc6 29. Qb4 Nd6 30. Re5 R8c7 31. Qb3 Nc4 32. Bxc4 dxc4 33. Qb4 Rf6 34. Rce1 Bd5 35. Qb1 Rb7 36. Kf2 Bc6 37. Qc2 Kf8 38. g4 b5 39. a5 b4 40. cxb4 Rxb4 41. R1e3 Qb7 42. Kg3 Qf7 43. Qd2 Rb8 44. Rc5 Rd8 45. Qb4 Kg8 46. Rxc4 Bb5 47. Rc5 Rfd6 48. Qe1 Kf8 49. Rce5 Qc7 50. Kh3 Rxd4 51. Re7 Qb8 52. Qh4 Rd2 53. R3e5 Bf1+ 54. Kg3 Rg2+ 55. Kf4 Qb4+ 56. Re4 Qd2+ 57. Re3 Qb4+ 58. R7e4 Qb8+ 59. Re5 Rd4+ 60. R3e4 Rxe4+ 61. fxe4 Qc7 62. Qe1 g5+ 63. fxg6 Bb5 64. Kf3 Qxe5 65. Kxg2 Bc6 66. Qf2+ Ke8 67. Qf7+ Kd8 68. Qf8+ Kc7 1/2-1/2

[Event "CAN-ch U20"]
[Site "Mississauga CAN"]
[Date "2017.08.12"]
[Round "6.9"]
[White "Zhang, Henry"]
[Black "Gilani, Mysha"]
[Result "1-0"]
[WhiteElo "2205"]
[BlackElo "1643"]
[WhiteFideId "-1"]
[WhiteFideId "-1"]
[PlyCount "69"]
[GameId "2160767908347495"]
[EventDate "2017.08.09"]
[EventType "swiss"]
[EventRounds "7"]
[EventCountry "CAN"]
[SourceTitle "hb 2017"]

1. e4 e5 2. Nf3 Nc6 3. Bc4 Bc5 4. d3 Nf6 5. O-O d6 6. c3 O-O 7. Bb3 Bb6 8. Nbd2 Ne7 9. h3 Ng6 10. Re1 Nh5 11. Nf1 Qf6 12. Bg5 Qxg5 13. Nxg5 Nhf4 14. Ng3 h6 15. Nf3 Bxh3 16. gxh3 Nxh3+ 17. Kf1 Bxf2 18. Nf5 Bxe1 19. Qxe1 Kh7 20. Qg3 Nhf4 21. Ke1 Nxd3+ 22. Kd2 Ndf4 23. Ng5+ Kg8 24. Qh2 h5 25. Ng3 h4 26. Nf5 h3 27. Nxh3 Ne6 28. Bxe6 fxe6 29. Ng5 Rfb8 30. Qh7+ Kf8 31. Qxg7+ Ke8 32. Qxg6+ Kd8 33. Qf7 b6 34. Nxe6+ Kc8 35. Qxc7# 1-0

[Event "CAN-ch U20"]
[Site "Mississauga CAN"]
[Date "2017.08.12"]
[Round "6.10"]
[White "Ning, Eric"]
[Black "Noorali, Aahil"]
[Result "0-1"]
[WhiteElo "1926"]
[BlackElo "2008"]
[WhiteFideId "-1"]
[WhiteFideId "-1"]
[PlyCount "134"]
[GameId "2160767908347496"]
[EventDate "2017.08.09"]
[EventType "swiss"]
[EventRounds "7"]
[EventCountry "CAN"]
[SourceTitle "hb 2017"]

1. d4 Nf6 2. c4 e6 3. Nf3 b6 4. a3 Bb7 5. Nc3 d5 6. Bg5 Be7 7. e3 Nbd7 8. cxd5 exd5 9. Bd3 O-O 10. O-O Ne4 11. Bxe7 Qxe7 12. Qc2 c5 13. Nd2 f5 14. Ndxe4 fxe4 15. Be2 cxd4 16. exd4 Kh8 17. Rae1 Qg5 18. Qa4 Nf6 19. f3 Nh5 20. fxe4 dxe4 21. Bxh5 Qxh5 22. Qxa7 Rfb8 23. Qxb6 Ba6 24. Qd6 Bxf1 25. Rxf1 e3 26. Qc6 e2 27. Re1 Qh4 28. Rxe2 Qxd4+ 29. Kh1 Rf8 30. Re1 Qf2 31. Rg1 Rac8 32. Qd5 Qxb2 33. Ne4 Rc1 34. h3 Qxa3 35. Nd6 Rxg1+ 36. Kxg1 Qc1+ 37. Kh2 Qc7 38. Kh1 h6 39. Qd3 Qc1+ 40. Kh2 Qf4+ 41. Kg1 Ra8 42. Qd1 Ra2 43. Kh1 Rf2 44. Kg1 Rd2 45. Nf7+ Kg8 46. Nxh6+ gxh6 47. Qb3+ Qf7 48. Qb8+ Kh7 49. Qb1+ Kg7 50. Qe1 Qd7 51. Qe5+ Kf7 52. Qh5+ Ke7 53. Qe5+ Kd8 54. Qh8+ Kc7 55. Qc3+ Kb8 56. Qg3+ Ka7 57. Qa3+ Kb7 58. Qb3+ Ka8 59. Qf3+ Rd5 60. Qf8+ Kb7 61. Qf3 Qc6 62. Qf7+ Rd7 63. Qf1 Qd6 64. Qf3+ Qd5 65. Qf8 Qd4+ 66. Kf1 Qc4+ 67. Kf2 Rf7+ 0-1

[Event "CAN-ch U20"]
[Site "Mississauga CAN"]
[Date "2017.08.12"]
[Round "6.11"]
[White "Cui, Leonardo"]
[Black "Surya, Benito"]
[Result "1/2-1/2"]
[WhiteElo "1872"]
[BlackElo "1998"]
[WhiteFideId "-1"]
[WhiteFideId "-1"]
[PlyCount "92"]
[GameId "2160767908347497"]
[EventDate "2017.08.09"]
[EventType "swiss"]
[EventRounds "7"]
[EventCountry "CAN"]
[SourceTitle "hb 2017"]

1. d4 d5 2. c4 e6 3. Nf3 c5 4. cxd5 exd5 5. g3 Nf6 6. Bg2 Be7 7. dxc5 Bxc5 8. O-O Nc6 9. a3 h6 10. Qa4 O-O 11. Rd1 Qe7 12. b4 Bb6 13. Ra2 Be6 14. Ne1 Ng4 15. Nd3 Qf6 16. Bf3 Nce5 17. Nxe5 Nxe5 18. Nd2 Bg4 19. Kg2 Bxf3+ 20. Nxf3 Nxf3 21. exf3 Rfd8 22. Rad2 d4 23. Bb2 Rd6 24. b5 Rad8 25. Rd3 Rd5 26. Qb3 Qd6 27. a4 a6 28. Ba3 Bc5 29. bxa6 bxa6 30. Rc1 Bxa3 31. Qxa3 Qxa3 32. Rxa3 d3 33. Rd1 d2 34. Ra2 Rd4 35. Kf1 Rb4 36. Raxd2 Rxd2 37. Rxd2 Rxa4 38. Rd8+ Kh7 39. Ra8 Ra2 40. Kg2 a5 41. Ra6 f6 42. f4 a4 43. h4 a3 44. h5 Kg8 45. Ra7 Ra1 46. Kf3 Ra2 1/2-1/2

[Event "CAN-ch U20"]
[Site "Mississauga CAN"]
[Date "2017.08.12"]
[Round "6.12"]
[White "Uthayakumar, Ronan"]
[Black "Xu, Daniel"]
[Result "1/2-1/2"]
[WhiteElo "1828"]
[BlackElo "1895"]
[WhiteFideId "-1"]
[WhiteFideId "-1"]
[PlyCount "114"]
[GameId "2160767908347498"]
[EventDate "2017.08.09"]
[EventType "swiss"]
[EventRounds "7"]
[EventCountry "CAN"]
[SourceTitle "hb 2017"]

1. e4 e5 2. Nf3 Nc6 3. Bb5 a6 4. Ba4 Nf6 5. O-O b5 6. Bb3 Be7 7. Re1 O-O 8. c3 d6 9. h3 Na5 10. Bc2 c5 11. d4 Qc7 12. Nbd2 Bd7 13. Nf1 Rac8 14. d5 Rfe8 15. Ng3 h6 16. Nh4 Bf8 17. Nhf5 Kh7 18. f4 g6 19. fxe5 Rxe5 20. Nh4 Bg7 21. Bf4 Ree8 22. Qf3 Nc4 23. e5 Nxe5 24. Bxe5 Rxe5 25. Rxe5 dxe5 26. Nh5 Nxh5 27. Qxh5 Qd6 28. Rf1 Kg8 29. Qf3 Rf8 30. g4 Qe7 31. Ng2 f5 32. Qg3 fxg4 33. Rxf8+ Qxf8 34. hxg4 Qd6 35. Be4 Be8 36. Ne3 Qf6 37. c4 b4 38. Qf2 Qxf2+ 39. Kxf2 Bf8 40. Nc2 Kf7 41. b3 Kf6 42. a3 a5 43. axb4 axb4 44. Ne1 h5 45. Kg3 hxg4 46. Kxg4 Bd7+ 47. Kg3 Bf5 48. Kf3 Bh6 49. Nd3 Bf8 50. Nf2 Bd6 51. Ng4+ Bxg4+ 52. Kxg4 Kg7 53. Kg5 Be7+ 54. Kg4 Kh6 55. Bd3 Bd6 56. Be4 Bc7 57. Bd3 Bd6 1/2-1/2

[Event "CAN-ch U20"]
[Site "Mississauga CAN"]
[Date "2017.08.12"]
[Round "6.14"]
[White "Zheng, Kevin"]
[Black "Liao, Joseph"]
[Result "1-0"]
[WhiteElo "1874"]
[BlackElo "1717"]
[WhiteFideId "-1"]
[WhiteFideId "-1"]
[PlyCount "79"]
[GameId "2160767908347500"]
[EventDate "2017.08.09"]
[EventType "swiss"]
[EventRounds "7"]
[EventCountry "CAN"]
[SourceTitle "hb 2017"]

1. d4 Nf6 2. c4 e6 3. Nf3 Bb4+ 4. Nbd2 b6 5. a3 Bxd2+ 6. Qxd2 Bb7 7. e3 O-O 8. Bd3 d6 9. Qc2 Nbd7 10. O-O Qe7 11. Nd2 e5 12. f3 exd4 13. exd4 Qe3+ 14. Kh1 Qxd4 15. Nb3 Qh4 16. Be3 Ne5 17. Rad1 Rfe8 18. Nd4 Qh5 19. Qc1 c5 20. Ne2 Nxf3 21. Rxf3 Bxf3 22. Ng3 Qg4 23. Rf1 Bxg2+ 24. Kxg2 Qe6 25. Rf3 Ng4 26. Bd2 Ne5 27. Re3 Nxd3 28. Rxd3 Qg6 29. Qf1 Re6 30. Kh1 Rae8 31. Rf3 R6e7 32. Nf5 Re2 33. Bc3 f6 34. Nxg7 R8e3 35. Nf5 Rxf3 36. Qxf3 Re6 37. Qd5 Kf7 38. Nxd6+ Ke7 39. Nf5+ Kf7 40. Qd7+ 1-0

[Event "CAN-ch U20"]
[Site "Mississauga CAN"]
[Date "2017.08.12"]
[Round "6.15"]
[White "Tao, Ellen"]
[Black "Liu, Henry"]
[Result "1-0"]
[WhiteElo "1618"]
[BlackElo "1598"]
[WhiteFideId "-1"]
[WhiteFideId "-1"]
[PlyCount "69"]
[GameId "2160767908347501"]
[EventDate "2017.08.09"]
[EventType "swiss"]
[EventRounds "7"]
[EventCountry "CAN"]
[SourceTitle "hb 2017"]

1. e4 e6 2. d4 d5 3. Nd2 Nf6 4. e5 Nfd7 5. f4 c5 6. c3 Nc6 7. Ndf3 Qb6 8. g3 cxd4 9. cxd4 Bb4+ 10. Kf2 f6 11. Kg2 O-O 12. Bd3 g6 13. Ne2 fxe5 14. fxe5 Qd8 15. Nf4 Nb6 16. h4 Nc4 17. Qc2 Qd7 18. h5 g5 19. Nxg5 Rxf4 20. Bxh7+ Kf8 21. Bxf4 Nxd4 22. Qg6 Qg7 23. Qxg7+ Kxg7 24. h6+ Kf8 25. Bg6 Bd7 26. Nf7 Nxb2 27. h7 Kg7 28. h8=Q+ Rxh8 29. Nxh8 Bc3 30. Rh7+ Kg8 31. Rxd7 Kxh8 32. Rh1+ Kg8 33. Rhh7 Nc6 34. Rdg7+ Kf8 35. Bh6 1-0

[Event "CAN-ch U20"]
[Site "Mississauga CAN"]
[Date "2017.08.12"]
[Round "7.1"]
[White "Hua, Eugene"]
[Black "Liang, Hairan"]
[Result "1/2-1/2"]
[WhiteElo "2329"]
[BlackElo "2231"]
[WhiteFideId "-1"]
[WhiteFideId "-1"]
[PlyCount "65"]
[GameId "2160767908347504"]
[EventDate "2017.08.09"]
[EventType "swiss"]
[EventRounds "7"]
[EventCountry "CAN"]
[SourceTitle "hb 2017"]

1. e4 c5 2. Nf3 Nc6 3. Bb5 e6 4. Bxc6 bxc6 5. d3 Ne7 6. Qe2 Ng6 7. h4 Qf6 8. e5 Qf5 9. h5 Nf4 10. Bxf4 Qxf4 11. Nbd2 Qa4 12. b3 Qa5 13. O-O Be7 14. Ne4 O-O 15. h6 f5 16. hxg7 Rf7 17. Nd6 Rxg7 18. c4 Ba6 19. Qe3 Rf8 20. Rfe1 Kh8 21. Kf1 f4 22. Qd2 Qc7 23. Ne4 Qd8 24. Ke2 Bc8 25. Rh1 d6 26. Rh5 d5 27. Nc3 Rxg2 28. Rah1 Rg7 29. Kd1 Qe8 30. Kc2 Qg6 31. Kb2 Qg4 32. Qe2 Bd7 33. R5h2 1/2-1/2

[Event "CAN-ch U20"]
[Site "Mississauga CAN"]
[Date "2017.08.12"]
[Round "7.2"]
[White "Song, Terry"]
[Black "Dukic, Zachary"]
[Result "1/2-1/2"]
[WhiteElo "2250"]
[BlackElo "2238"]
[WhiteFideId "-1"]
[WhiteFideId "-1"]
[PlyCount "66"]
[GameId "2160767908347505"]
[EventDate "2017.08.09"]
[EventType "swiss"]
[EventRounds "7"]
[EventCountry "CAN"]
[SourceTitle "hb 2017"]

1. d4 Nf6 2. Bg5 e6 3. e3 h6 4. Bh4 d6 5. Bd3 Nbd7 6. Nf3 g5 7. Bg3 Nh5 8. c4 Bg7 9. Nc3 a6 10. Rc1 Qe7 11. O-O O-O 12. c5 Nxg3 13. cxd6 cxd6 14. hxg3 b5 15. Bb1 Bb7 16. Qd3 Nf6 17. d5 exd5 18. Nd4 Qd7 19. Nf5 b4 20. Ne2 a5 21. Nxg7 Kxg7 22. Nd4 Ba6 23. Nf5+ Kh8 24. Qd4 Qe6 25. Rc6 Bxf1 26. Rxd6 Rac8 27. Qxf6+ Qxf6 28. Rxf6 Rc1 29. Rxh6+ Kg8 30. Ne7+ Kg7 31. Nf5+ Kg8 32. Ne7+ Kg7 33. Nf5+ Kg8 1/2-1/2

[Event "CAN-ch U20"]
[Site "Mississauga CAN"]
[Date "2017.08.12"]
[Round "7.4"]
[White "Li, William"]
[Black "Huang, Youhe"]
[Result "1-0"]
[WhiteElo "2142"]
[BlackElo "1680"]
[WhiteFideId "-1"]
[WhiteFideId "-1"]
[PlyCount "53"]
[GameId "2160767908347507"]
[EventDate "2017.08.09"]
[EventType "swiss"]
[EventRounds "7"]
[EventCountry "CAN"]
[SourceTitle "hb 2017"]

1. e4 c5 2. Nf3 d6 3. Bb5+ Bd7 4. Bxd7+ Qxd7 5. c4 e5 6. O-O Nc6 7. Nc3 Nf6 8. d3 Be7 9. Bg5 a6 10. Bxf6 Bxf6 11. Nd5 Rb8 12. Qd2 b5 13. Rfd1 bxc4 14. dxc4 Nd4 15. Nxd4 exd4 16. a3 Rb3 17. Qc2 Qb7 18. Nc7+ Kd7 19. Nb5 Rxb5 20. cxb5 Qxb5 21. Rac1 Rb8 22. b4 Bg5 23. Rb1 Rc8 24. bxc5 Rxc5 25. Rxb5 Rxc2 26. Rxg5 d3 27. Rd5 1-0

[Event "CAN-ch U20"]
[Site "Mississauga CAN"]
[Date "2017.08.12"]
[Round "7.5"]
[White "Nasir, Zehn"]
[Black "Zhao, Harry"]
[Result "1-0"]
[WhiteElo "2221"]
[BlackElo "2195"]
[WhiteFideId "-1"]
[WhiteFideId "-1"]
[PlyCount "79"]
[GameId "2160767908347508"]
[EventDate "2017.08.09"]
[EventType "swiss"]
[EventRounds "7"]
[EventCountry "CAN"]
[SourceTitle "hb 2017"]

1. e4 e6 2. d4 d5 3. Nd2 c5 4. exd5 Qxd5 5. dxc5 Bxc5 6. Ngf3 Nf6 7. Bc4 Qc6 8. Qe2 O-O 9. O-O a6 10. Nb3 Bd6 11. Bg5 Nbd7 12. Rad1 Bb8 13. Bh4 b5 14. Bd3 Bb7 15. Na5 Qc7 16. Nxb7 Qxb7 17. c4 bxc4 18. Bxc4 Rc8 19. Rfe1 e5 20. Bxf6 Nxf6 21. Ng5 Qc7 22. Bxf7+ Kh8 23. Be6 Rf8 24. Bb3 Qe7 25. Nf7+ Rxf7 26. Bxf7 Qxf7 27. Rd8+ Ng8 28. Qe4 Ba7 29. Rxa8 Bxf2+ 30. Kh1 Bxe1 31. Qxe1 Qxa2 32. Qc1 e4 33. h3 a5 34. Rc8 Qd5 35. Qc6 Qb3 36. Kh2 e3 37. Qc4 Qxc4 38. Rxc4 e2 39. Re4 h6 40. Rxe2 1-0

[Event "CAN-ch U20"]
[Site "Mississauga CAN"]
[Date "2017.08.12"]
[Round "7.7"]
[White "Yang, Fan"]
[Black "Rusonik, Max"]
[Result "0-1"]
[WhiteElo "2103"]
[BlackElo "1880"]
[WhiteFideId "-1"]
[WhiteFideId "-1"]
[PlyCount "60"]
[GameId "2160767908347510"]
[EventDate "2017.08.09"]
[EventType "swiss"]
[EventRounds "7"]
[EventCountry "CAN"]
[SourceTitle "hb 2017"]

1. e4 e5 2. Nf3 Nc6 3. Bc4 Bc5 4. c3 Nf6 5. d3 a6 6. Bb3 Ba7 7. O-O d6 8. h3 h6 9. Nbd2 g5 10. Bc2 g4 11. hxg4 Bxg4 12. Re1 Rg8 13. Nf1 Nh5 14. Ne3 Qd7 15. Kh2 O-O-O 16. b4 Nf4 17. g3 Bxf3 18. Qxf3 Qh3+ 19. Kg1 Rg5 20. Nf5 Rdg8 21. d4 Rh5 22. Bxf4 exf4 23. Bd1 Rxf5 24. exf5 fxg3 25. Qh1 gxf2+ 26. Kxf2 Qg3+ 27. Ke2 Qxc3 28. Bb3 Nxd4+ 29. Kf1 Qd3+ 30. Kf2 Nxb3+ 0-1

[Event "CAN-ch U20"]
[Site "Mississauga CAN"]
[Date "2017.08.12"]
[Round "7.8"]
[White "Maulucci, Anthony"]
[Black "Zheng, Kevin"]
[Result "1-0"]
[WhiteElo "2087"]
[BlackElo "1874"]
[WhiteFideId "-1"]
[WhiteFideId "-1"]
[PlyCount "117"]
[GameId "2160767908347511"]
[EventDate "2017.08.09"]
[EventType "swiss"]
[EventRounds "7"]
[EventCountry "CAN"]
[SourceTitle "hb 2017"]

1. d4 Nf6 2. c4 g6 3. Nc3 d5 4. cxd5 Nxd5 5. e4 Nxc3 6. bxc3 Bg7 7. Bc4 c5 8. Ne2 O-O 9. O-O Nc6 10. Be3 Qc7 11. Rc1 Rd8 12. Bf4 Be5 13. Bxe5 Nxe5 14. Bb3 Ng4 15. Ng3 Qf4 16. d5 b5 17. Qe1 c4 18. Bc2 e6 19. h3 Nf6 20. Ne2 Qc7 21. dxe6 Bxe6 22. f4 Qb6+ 23. Kh1 a5 24. f5 Bd7 25. e5 Nd5 26. e6 Be8 27. Nf4 Nxf4 28. Rxf4 Rd3 29. Bxd3 cxd3 30. fxg6 hxg6 31. e7 Ra7 32. Rd4 Qe6 33. Qxe6 fxe6 34. Rxd3 Rxe7 35. Re1 Kf7 36. Rf3+ Kg7 37. Rfe3 Kf7 38. Re5 Bc6 39. a3 a4 40. Kh2 Bd5 41. Rb1 Rc7 42. Re3 Bb3 43. Rf1+ Kg7 44. Kg3 Rd7 45. Rfe1 Rd2 46. R1e2 Rd6 47. Kf4 Bc4 48. Rf2 Rd1 49. Kg5 Ra1 50. Ref3 e5 51. Re3 Rxa3 52. Rxe5 Rxc3 53. Re7+ Kg8 54. Kh6 Bf7 55. Rfxf7 g5 56. Rg7+ Kf8 57. Ra7 Rc6+ 58. Kh7 b4 59. Rg8# 1-0

[Event "CAN-ch U20"]
[Site "Mississauga CAN"]
[Date "2017.08.12"]
[Round "7.9"]
[White "Noorali, Aahil"]
[Black "Jiang, Brian"]
[Result "1-0"]
[WhiteElo "2008"]
[BlackElo "1827"]
[WhiteFideId "-1"]
[WhiteFideId "-1"]
[PlyCount "130"]
[GameId "2160767908347512"]
[EventDate "2017.08.09"]
[EventType "swiss"]
[EventRounds "7"]
[EventCountry "CAN"]
[SourceTitle "hb 2017"]

1. d4 Nf6 2. c4 e6 3. Nc3 Bb4 4. e3 b6 5. Nge2 c5 6. a3 Ba5 7. Rb1 Na6 8. Nf4 Bb7 9. Bd3 O-O 10. O-O Bxc3 11. bxc3 Re8 12. Qc2 d5 13. cxd5 exd5 14. Qe2 c4 15. Bc2 Qd6 16. Qf3 Nc7 17. Ne2 Bc6 18. Ng3 g6 19. Re1 Re6 20. a4 Rae8 21. Ra1 Kg7 22. Bf5 h5 23. Ba3 Qd7 24. Bxe6 Nxe6 25. Qd1 h4 26. Ne2 h3 27. Nf4 Ng5 28. Nxh3 Nxh3+ 29. gxh3 Qxh3 30. f3 Nh7 31. Bd6 Ng5 32. Bg3 Qh5 33. Kf2 Bd7 34. h4 Nh7 35. Rh1 Bf5 36. Qg1 Bd3 37. Bf4 Re6 38. Qg4 Qxg4 39. fxg4 Nf6 40. Be5 Kf8 41. Bxf6 Rxf6+ 42. Kg3 Be2 43. Rae1 Bd3 44. Rh2 a6 45. Rf2 Re6 46. g5 Bf5 47. h5 Re4 48. Rf4 Re6 49. h6 Kg8 50. Rxf5 gxf5 51. Kf4 Kh7 52. Kxf5 Re4 53. Kf6 Rg4 54. Rf1 Rg3 55. Rf5 Rxe3 56. Kxf7 Rxc3 57. g6+ Kxh6 58. g7 Rg3 59. g8=Q Rxg8 60. Kxg8 c3 61. Rf3 Kg5 62. Rxc3 Kf4 63. Rb3 b5 64. axb5 axb5 65. Rxb5 Ke4 1-0

[Event "CAN-ch U20"]
[Site "Mississauga CAN"]
[Date "2017.08.12"]
[Round "7.10"]
[White "Kang, Dorian"]
[Black "Ning, Eric"]
[Result "0-1"]
[WhiteElo "1976"]
[BlackElo "1926"]
[WhiteFideId "-1"]
[WhiteFideId "-1"]
[PlyCount "84"]
[GameId "2160767908347513"]
[EventDate "2017.08.09"]
[EventType "swiss"]
[EventRounds "7"]
[EventCountry "CAN"]
[SourceTitle "hb 2017"]

1. c4 Nf6 2. Nc3 d5 3. cxd5 Nxd5 4. e4 Nxc3 5. bxc3 g6 6. d4 Bg7 7. Bc4 c5 8. Ne2 Nc6 9. Be3 O-O 10. O-O Qc7 11. Rc1 Rd8 12. Bf4 Qd7 13. d5 Na5 14. Bd3 c4 15. Bb1 b5 16. Be3 Bb7 17. f3 e6 18. dxe6 Qxe6 19. Nd4 Qe8 20. Qe1 Ba6 21. Qf2 Nc6 22. Nxc6 Qxc6 23. e5 Bb7 24. Bd4 a5 25. Be4 Qa6 26. Bxb7 Qxb7 27. Qb2 Rd5 28. Rfe1 Qc7 29. f4 g5 30. g3 gxf4 31. gxf4 Kh8 32. Qg2 Rdd8 33. Kh1 Qd7 34. Re4 Ra6 35. Qf3 Qf5 36. Rg1 Rg6 37. Rxg6 hxg6 38. Re2 b4 39. Qf2 Kg8 40. e6 fxe6 41. Bxg7 Rd1+ 42. Re1 Qe4+ 0-1

[Event "CAN-ch U20"]
[Site "Mississauga CAN"]
[Date "2017.08.12"]
[Round "7.11"]
[White "Surya, Benito"]
[Black "Uthayakumar, Ronan"]
[Result "1-0"]
[WhiteElo "1998"]
[BlackElo "1828"]
[WhiteFideId "-1"]
[WhiteFideId "-1"]
[PlyCount "35"]
[GameId "2160767908347514"]
[EventDate "2017.08.09"]
[EventType "swiss"]
[EventRounds "7"]
[EventCountry "CAN"]
[SourceTitle "hb 2017"]

1. e4 c5 2. Ne2 Nc6 3. Nbc3 g6 4. g3 Bg7 5. Bg2 d6 6. O-O Nf6 7. d3 O-O 8. h3 a6 9. Be3 b5 10. e5 Nxe5 11. Bxa8 d5 12. f4 Bxh3 13. fxe5 Ng4 14. Bxc5 Qxa8 15. Rf4 Bxe5 16. d4 Bxf4 17. Nxf4 Qb8 18. Qf3 1-0

[Event "CAN-ch U20"]
[Site "Mississauga CAN"]
[Date "2017.08.12"]
[Round "7.12"]
[White "Xu, Daniel"]
[Black "Cui, Leonardo"]
[Result "1-0"]
[WhiteElo "1895"]
[BlackElo "1872"]
[WhiteFideId "-1"]
[WhiteFideId "-1"]
[PlyCount "149"]
[GameId "2160767908347515"]
[EventDate "2017.08.09"]
[EventType "swiss"]
[EventRounds "7"]
[EventCountry "CAN"]
[SourceTitle "hb 2017"]

1. d4 d5 2. c4 e6 3. Nf3 Nf6 4. Bg5 Be7 5. e3 c6 6. Nc3 O-O 7. Qc2 Nbd7 8. cxd5 exd5 9. Bd3 h6 10. h4 Ng4 11. Bh7+ Kh8 12. Bf5 Ndf6 13. Bxc8 Rxc8 14. Bxf6 Bxf6 15. Qf5 Qb6 16. Rb1 c5 17. O-O Qe6 18. Qxd5 Rfd8 19. Qxe6 fxe6 20. Ne2 cxd4 21. Nexd4 e5 22. Nb3 e4 23. Nfd2 Rc2 24. Nxe4 Bxb2 25. Rbd1 Re8 26. Rd2 Rxd2 27. Nbxd2 Rc8 28. Rb1 Rc2 29. Kf1 b6 30. a4 Nf6 31. Nxf6 Bxf6 32. Nf3 Rc4 33. a5 bxa5 34. Rb7 Bxh4 35. Nxh4 Rxh4 36. Rxa7 Rh1+ 37. Ke2 Ra1 38. Kf3 a4 39. e4 a3 40. Kf4 a2 41. f3 Kg8 42. Kf5 Kh7 43. e5 h5 44. e6 Kh6 45. Ra6 Kh7 46. Kg5 Re1 47. Rxa2 Rxe6 48. Kxh5 Rg6 49. g4 Rf6 50. Ra3 Rb6 51. Kh4 Rf6 52. g5 Rf4+ 53. Kg3 Rf5 54. f4 g6 55. Ra7+ Kg8 56. Kg4 Kf8 57. Rh7 Rc5 58. Rd7 Rf5 59. Kf3 Rb5 60. Ke4 Rf5 61. Rd5 Rf7 62. Rd6 Re7+ 63. Kd5 Kg7 64. Re6 Rf7 65. Ke4 Rf5 66. Re7+ Kf8 67. Rh7 Kg8 68. Rd7 Kf8 69. Ra7 Kg8 70. Ra8+ Kg7 71. Re8 Kh7 72. Re5 Rf7 73. f5 Rb7 74. f6 Rd7 75. Re7+ 1-0

[Event "CAN-ch U20"]
[Site "Mississauga CAN"]
[Date "2017.08.12"]
[Round "7.13"]
[White "Cui, Cynthia"]
[Black "Tao, Ellen"]
[Result "0-1"]
[WhiteElo "1767"]
[BlackElo "1618"]
[WhiteFideId "-1"]
[WhiteFideId "-1"]
[PlyCount "72"]
[GameId "2160767908347516"]
[EventDate "2017.08.09"]
[EventType "swiss"]
[EventRounds "7"]
[EventCountry "CAN"]
[SourceTitle "hb 2017"]

1. c4 e5 2. Nc3 Nc6 3. g3 f5 4. Bg2 Nf6 5. d3 Bb4 6. Qc2 Bxc3+ 7. Qxc3 d6 8. Nf3 O-O 9. O-O h6 10. b4 Rb8 11. a4 Be6 12. e3 Qe8 13. b5 Ne7 14. Ba3 Qd7 15. d4 e4 16. Nd2 d5 17. cxd5 Nfxd5 18. Qc2 Rfe8 19. Nc4 Ng6 20. Rfc1 Bf7 21. Rab1 Rbc8 22. Qd2 Rb8 23. Bc5 Ra8 24. a5 b6 25. Ba3 Re6 26. Bh3 Rf6 27. Qe2 Rb8 28. f3 Qe8 29. fxe4 Qxe4 30. Rf1 Nc3 31. Qf2 Nxb1 32. Bxf5 Qe8 33. Rxb1 Bxc4 34. axb6 cxb6 35. Qc2 Qxe3+ 36. Kh1 Bd5+ 0-1

[Event "CAN-ch U20"]
[Site "Mississauga CAN"]
[Date "2017.08.12"]
[Round "7.14"]
[White "Liao, Joseph"]
[Black "Liu, Henry"]
[Result "1/2-1/2"]
[WhiteElo "1717"]
[BlackElo "1598"]
[WhiteFideId "-1"]
[WhiteFideId "-1"]
[PlyCount "59"]
[GameId "2160767908347517"]
[EventDate "2017.08.09"]
[EventType "swiss"]
[EventRounds "7"]
[EventCountry "CAN"]
[SourceTitle "hb 2017"]

1. e4 e6 2. d4 d5 3. Nc3 Nf6 4. Bg5 Be7 5. e5 Nfd7 6. Bxe7 Qxe7 7. f4 c5 8. Nb5 O-O 9. Nc7 Nc6 10. Nxa8 Nxd4 11. Nf3 Nc6 12. Bd3 h6 13. Qd2 c4 14. Be2 Nc5 15. O-O b5 16. Nd4 Nxd4 17. Qxd4 Ba6 18. f5 exf5 19. Rxf5 Rxa8 20. Raf1 Ne6 21. Qxd5 Rd8 22. Qc6 Bb7 23. Qxb5 Nd4 24. Qxc4 Nxf5 25. Rxf5 Bd5 26. Qc3 g6 27. Rf6 Qb7 28. Bf3 Bxf3 29. Rxf3 Rd1+ 30. Kf2 1/2-1/2

[Event "CAN-ch U20"]
[Site "Mississauga CAN"]
[Date "2017.08.13"]
[Round "8.1"]
[White "Chen, Richard"]
[Black "Li, William"]
[Result "1-0"]
[WhiteElo "2324"]
[BlackElo "2142"]
[WhiteFideId "-1"]
[WhiteFideId "-1"]
[PlyCount "67"]
[GameId "2160767908347519"]
[EventDate "2017.08.09"]
[EventType "swiss"]
[EventRounds "7"]
[EventCountry "CAN"]
[SourceTitle "hb 2017"]

1. e4 g6 2. d4 Nf6 3. e5 Nh5 4. Nc3 d6 5. Be3 Ng7 6. Bh6 Nf5 7. Bxf8 Kxf8 8. Nf3 h5 9. Qd2 dxe5 10. dxe5 Qxd2+ 11. Nxd2 Nd4 12. O-O-O Nbc6 13. Nc4 Be6 14. Ne3 Rd8 15. f4 Kg7 16. g3 Nf5 17. Nxf5+ Bxf5 18. Bg2 Bg4 19. Rxd8 Rxd8 20. Nb5 Nb4 21. a3 Nd5 22. h3 Be2 23. Bxd5 Bxb5 24. Bxb7 c6 25. Rd1 Rxd1+ 26. Kxd1 h4 27. gxh4 Kh6 28. Ke1 Kh5 29. a4 Bc4 30. Bxc6 Kxh4 31. Kf2 Kxh3 32. Bd7+ Kh4 33. b3 Ba6 34. c4 1-0

[Event "CAN-ch U20"]
[Site "Mississauga CAN"]
[Date "2017.08.13"]
[Round "8.2"]
[White "Song, Terry"]
[Black "Hua, Eugene"]
[Result "1/2-1/2"]
[WhiteElo "2250"]
[BlackElo "2329"]
[WhiteFideId "-1"]
[WhiteFideId "-1"]
[PlyCount "74"]
[GameId "2160767908347520"]
[EventDate "2017.08.09"]
[EventType "swiss"]
[EventRounds "7"]
[EventCountry "CAN"]
[SourceTitle "hb 2017"]

1. e4 c5 2. Nf3 e6 3. d4 cxd4 4. Nxd4 Nc6 5. Nc3 Qc7 6. Be3 a6 7. Qd2 Nf6 8. O-O-O Bb4 9. f3 O-O 10. g4 b5 11. g5 Nh5 12. Nde2 Ba5 13. Kb1 b4 14. Na4 d5 15. Qc1 Rd8 16. Ng3 d4 17. Bd2 Nxg3 18. hxg3 Ne5 19. f4 Bd7 20. b3 Bxa4 21. bxa4 Nc4 22. Bxc4 Qxc4 23. Be1 Rac8 24. Rd3 Qc6 25. Bf2 Qxe4 26. Qd1 Bb6 27. Re1 Qc6 28. Re2 Qxa4 29. Bxd4 Bxd4 30. Rxd4 Rxd4 31. Qxd4 a5 32. Rd2 Qe8 33. g4 a4 34. Qd3 Rc3 35. Qd8 Rc8 36. Qd3 Rc3 37. Qd8 Rc8 1/2-1/2